000
00291nam a22001337a 4500
008
170803b xxu||||| |||| 00| 0 eng d
020
_a
9780470260609
041
_a
eng
080
_a
004
100
_a
32
101
_a
SHK
245
_a
INTRODUCING AUTOCAD 2009
_c
OMURA,G
942
_2
udc
_c
BK
999
_c
22592
_d
22592